00696nam a2200193 i 4500001000400000100001700004245009900021260005200120300002800172505004100200650002100241655002900262700003500291020002100326040000800347041000800355008004100363856009800404bgj1 aDOFF, Adrian10aLanguage in use :bupper-intermediate : self-study workbook /cAdrian Doff, Christopher Jones. aCambridge :bCambridge University Press,c1997. a95 pp :bill. ;c30 cm. aIncludes tapescripts and answer key. 9aEnglish language aTextbooks for foreigners1 aJONES, Christopher.eco-author a0521555493 (pbk) cBPK0 aeng s uk f |000 0 eng  uhttp://koha.tu.koszalin.pl/cgi-bin/koha/opac-detail.pl?biblionumber=48168yKatalog online BPK